[Event "Warsaw YMCA Autumn-D 223rd"]
[Site "Warsaw"]
[Date "2019.10.15"]
[Round "5"]
[White "Szopa, Andrzej1111"]
[Black "Przybylik, Alicja"]
[Result "1-0"]
[WhiteElo "1089"]
[BlackElo "1041"]
[PlyCount "67"]
[EventDate "2019.09.19"]
[EventType "tourn"]
[EventRounds "13"]
[EventCountry "POL"]
[SourceTitle "CBM 195 Extra"]
[Source "ChessBase"]
[SourceDate "2020.05.31"]
[SourceVersion "1"]
[SourceVersionDate "2020.05.31"]
[SourceQuality "1"]

1. c4 e5 2. Nc3 Nf6 3. Nf3 Nc6 4. a3 d5 5. cxd5 Nxd5 6. e3 Nxc3 7. bxc3 Bg4 8. h3 Bh5 9. Be2 Bc5 10. d4 exd4 11. cxd4 Qf6 12. Rb1 Bb6 13. d5 Ne7 14. Qa4+ c6 15. dxc6 Qxc6 16. Bb5 Bg6 17. Rb3 Bc2 18. Bxc6+ Nxc6 19. Nd4 Bxd4 20. exd4 Bxb3 21. Qxb3 b6 22. Qd5 Rc8 23. Be3 0-0 24. 0-0 Rfd8 25. Qe4 Re8 26. Qg4 Rcd8 27. Rc1 Re6 28. Qf3 Red6 29. d5 Re8 30. Rxc6 Rxc6 31. dxc6 Kf8 32. c7 g6 33. Bh6+ Ke7 34. Qb7 1-0

[Event "Warsaw YMCA Autumn-D 223rd"]
[Site "Warsaw"]
[Date "2019.09.25"]
[Round "1"]
[White "Oles, Jan"]
[Black "Przybylik, Alicja"]
[Result "0-1"]
[WhiteElo "1293"]
[BlackElo "1041"]
[PlyCount "150"]
[EventDate "2019.09.19"]
[EventType "tourn"]
[EventRounds "13"]
[EventCountry "POL"]
[SourceTitle "CBM 195 Extra"]
[Source "ChessBase"]
[SourceDate "2020.05.31"]
[SourceVersion "1"]
[SourceVersionDate "2020.05.31"]
[SourceQuality "1"]

1. d4 d5 2. c4 e6 3. cxd5 exd5 4. Nf3 Nf6 5. Nc3 Bg4 6. Bg5 Bb4 7. Qb3 Nc6 8. 0-0-0 Bxf3 9. exf3 Qd6 10. Re1+ Kf8 11. Nb5 Nxd4 12. Nxd6 Nxb3+ 13. axb3 Bxe1 14. Nxb7 Rb8 15. Nc5 Bxf2 16. Nd3 Bd4 17. Kc2 h6 18. Bxf6 Bxf6 19. Nc5 Ke7 20. Bd3 Rb6 21. Ra1 Rc6 22. b4 Bd4 23. Bb5 Rb6 24. Ba6 Rxb4 25. Nd3 Rb6 26. Ra2 Rhb8 27. b4 Rc6+ 28. Kd2 Bc3+ 29. Kd1 Bxb4 30. Ne5 Re6 31. Re2 Rbb6 32. Bc8 Kf6 33. Nd7+ Kg5 34. f4+ Kxf4 35. Rf2+ Kg5 36. Nxb6 axb6 37. Bxe6 fxe6 38. Rf7 Bd6 39. Rxg7+ Kf6 40. Rh7 Kg6 41. Rh8 Bxh2 42. g3 Kg7 43. Re8 Kf6 44. Rh8 Bxg3 45. Rxh6+ Kf5 46. Ke2 e5 47. Kf3 Bf4 48. Rh5+ Kg6 49. Rh8 Kg5 50. Rg8+ Kf5 51. Rf8+ Ke6 52. Rd8 c6 53. Ra8 Kd6 54. Ra2 Kc5 55. Rc2+ Kb5 56. Rb2+ Kc5 57. Rc2+ Kd6 58. Rg2 b5 59. Rc2 c5 60. Kg4 d4 61. Ra2 Kd5 62. Kf5 d3 63. Ra8 d2 64. Rd8+ Kc4 65. Ke4 Kc3 66. Kf3 b4 67. Ke2 b3 68. Kd1 b2 69. Rb8 e4 70. Rb5 Bd6 71. Rb6 e3 72. Rb5 e2+ 73. Kxe2 Kc2 74. Rxb2+ Kxb2 75. Kxd2 c4 0-1